000 01099nam a22002537a 4500
005 20170124103145.0
010 _aA-984372
020 _c00.00
_a8186803491
035 _aA-984372
037 _bCen Lib/Ret
040 _aDPL
_bHN
082 _a658.8
_bसुधाजी
100 _aसुधा, जी.एस.
_973
245 _aविपणन प्रबन्ध /
_cजी.एस. सुधा
246 _aVipnan prabandh /
_bby G.S. Sudha
260 _aजयपुर
_bनेशनल पब्लिशिंग हाउस
_c1999
270 _bजयपुर
_a377, चौड़ा रास्ता
_e302003
300 _avi, 306पृ.
_c21सेमी (सजिल्द)
650 _aप्रबंधन--उपभोक्ता व्यवहार
_985896
650 _aप्रबंधन--उत्पाद नियोजन एवं विकास
_985897
650 _aManagement--Consumer Behavior
_985898
650 _aManagement--Product Planning & Development
_985899
942 _2ddc
_cHN
_h658.8
_mसुधाजी
999 _c119619
_d119619